| 000 | 01238nam a2200205Ia 4500 | ||
|---|---|---|---|
| 003 | Ost | ||
| 005 | 20260507075123.0 | ||
| 008 | 260507s9999||||xx |||||||||||||| ||und|| | ||
| 040 | _cfsecg | ||
| 041 | _aara | ||
| 082 | _a300 | ||
| 100 |
_aعبد الموجود، ابراهيم أبو الحسن _eمؤلف |
||
| 245 | 0 |
_aالتنمية وحقوق الإنسان : _bنظرة إجتماعية / _c ابراهيم أبو الحسن عبد الموجود |
|
| 260 |
_aالإسكندرية: _bالمكتب الجامعي الحديث, _c2006 |
||
| 300 |
_a422 صفحة؛ _c24 سم |
||
| 520 | _aمبادئ وقيم التنمية الإجتماعية مراحلها وتحدياتها وتحديد \ادواتها وأجهزتها-العلاقات والمشاركة المجتمعية-التنمية البشرية والتكنولوجية-الشباب والمرأة في التنمية الإجتماعية-عالمية حقوق الإنسان-التنمية الإجتماعية والنظام العالمي الجديد-الإتجاه التنموي في الخدمة الإجتماعية | ||
| 653 | _aالتنمية الإجتماعية | ||
| 653 | _aالتنمية البشرية والتكنولوجية | ||
| 942 | _cكتاب | ||
| 999 |
_c43103 _d43103 |
||